| 000 | 00883nam a2200313Ia 4500 | ||
|---|---|---|---|
| 003 | OSt | ||
| 005 | 20221006144213.0 | ||
| 006 | a|||||r|||| 00| 0 | ||
| 007 | ta | ||
| 008 | 221006b |||||||| |||| 00| 0 eng d | ||
| 020 |
_c _10.00 |
||
| 024 | _a11,126 | ||
| 037 | _cTextual | ||
| 040 |
_aEASL _cEASL _beng |
||
| 041 |
_2eng _aeng |
||
| 082 | _aR8412, L7 | ||
| 100 |
_aMUNGELLO David E _9425982 |
||
| 245 | 0 |
_aLeibniz and confucianism _b The search for accord |
|
| 260 |
_aHonolulu _bUniversity Press of Hawaii _c1977 |
||
| 300 |
_a200p. _ccm. |
||
| 490 | _v CEL | ||
| 650 | _a CEL | ||
| 650 |
_a China - civilization _9583158 |
||
| 650 |
_a Confucianism _9590754 |
||
| 650 |
_a Philosophy Chinese _9425553 |
||
| 650 |
_aLeibniz Gottfried Wilhelm freiherr von _9651098 |
||
| 942 |
_hR8412, L7 _cTEXL _2CC |
||
| 999 |
_c1079212 _d1079212 |
||